[Event "Blitz 2018"]
[Site "Saint-Petersburg"]
[Date "2018.12.30"]
[Round "20"]
[Board "80"]
[White "Sharma Dinesh K. (IND)"]
[Black "Anikonov Dmitry (RUS)"]
[Result "0-1"]
[LiveChessVersion "1.4.8"]
[BlackElo "2511"]
[WhiteElo "2383"]

1. e4 {[%clk 0:03:03]} e6 {[%clk 0:03:04]} 2. d4 {[%clk 0:03:04]} d5
{[%clk 0:03:05]} 3. Nc3 {[%clk 0:03:05]} Bb4 {[%clk 0:03:06]} 4. e5
{[%clk 0:03:06]} Ne7 {[%clk 0:03:07]} 5. a3 {[%clk 0:03:08]} Bxc3+
{[%clk 0:03:07]} 6. bxc3 {[%clk 0:03:09]} c5 {[%clk 0:03:08]} 7. Qg4
{[%clk 0:03:09]} Qc7 {[%clk 0:03:09]} 8. Qxg7 {[%clk 0:03:07]} Rg8
{[%clk 0:03:10]} 9. Qxh7 {[%clk 0:03:08]} cxd4 {[%clk 0:03:10]} 10. Ne2
{[%clk 0:03:07]} Nbc6 {[%clk 0:03:09]} 11. f4 {[%clk 0:03:07]} dxc3
{[%clk 0:03:09]} 12. Qd3 {[%clk 0:03:05]} d4 {[%clk 0:03:10]} 13. Nxd4
{[%clk 0:02:59]} Nxd4 {[%clk 0:03:11]} 14. Qxd4 {[%clk 0:03:00]} Bd7
{[%clk 0:02:52]} 15. Qf2 {[%clk 0:02:59]} Nf5 {[%clk 0:02:50]} 16. Bd3
{[%clk 0:02:26]} Qc6 {[%clk 0:02:19]} 17. Rg1 {[%clk 0:02:26]} Qd5
{[%clk 0:02:20]} 18. Rb1 {[%clk 0:01:47]} Bc6 {[%clk 0:02:21]} 19. Rb3
{[%clk 0:01:31]} O-O-O {[%clk 0:01:57]} 20. Rxc3 {[%clk 0:00:50]} Kb8
{[%clk 0:01:53]} 21. Qc5 {[%clk 0:00:42]} Rxg2 {[%clk 0:01:40]} 22. Qxd5
{[%clk 0:00:35]} Rxg1+ {[%clk 0:01:41]} 23. Kf2 {[%clk 0:00:36]} Bxd5
{[%clk 0:01:41]} 24. Kxg1 {[%clk 0:00:36]} Rg8+ {[%clk 0:01:43]} 25. Kf1
{[%clk 0:00:36]} Nd4 {[%clk 0:01:42]} 26. Be3 {[%clk 0:00:33]} Nf3
{[%clk 0:01:41]} 27. Bc5 {[%clk 0:00:32]} Nxh2+ {[%clk 0:01:37]} 28. Kf2
{[%clk 0:00:26]} Rg2+ {[%clk 0:01:29]} 29. Ke3 {[%clk 0:00:21]} Rg3+
{[%clk 0:01:12]} 30. Ke2 {[%clk 0:00:17]} Bc6 {[%clk 0:01:05]} 31. Bd6+
{[%clk 0:00:15]} Kc8 {[%clk 0:01:03]} 32. Bc5 {[%clk 0:00:16]} a6
{[%clk 0:00:59]} 33. Bd4 {[%clk 0:00:16]} Nf3 {[%clk 0:00:59]} 34. Bf2
{[%clk 0:00:15]} Rh3 {[%clk 0:00:54]} 35. Rb3 {[%clk 0:00:09]} Rh2
{[%clk 0:00:50]} 36. Ke3 {[%clk 0:00:08]} Nd4 {[%clk 0:00:39]} 37. Kxd4
{[%clk 0:00:08]} Rxf2 {[%clk 0:00:40]} 38. Rc3 {[%clk 0:00:08]} Rxf4+
{[%clk 0:00:40]} 39. Ke3 {[%clk 0:00:09]} Rf3+ {[%clk 0:00:41]} 40. Kd4
{[%clk 0:00:10]} Rf4+ {[%clk 0:00:42]} 41. Ke3 {[%clk 0:00:11]} Ra4
{[%clk 0:00:40]} 42. Rc5 {[%clk 0:00:09]} Rxa3 {[%clk 0:00:35]} 43. Kd4
{[%clk 0:00:09]} Kc7 {[%clk 0:00:35]} 44. Rc4 {[%clk 0:00:09]} Ra4
{[%clk 0:00:36]} 45. Bh7 {[%clk 0:00:06]} Rxc4+ {[%clk 0:00:36]} 46. Kxc4
{[%clk 0:00:07]} b6 {[%clk 0:00:34]} 47. Bg8 {[%clk 0:00:07]} Be8
{[%clk 0:00:35]} 48. Bh7 {[%clk 0:00:08]} Kd8 {[%clk 0:00:33]} 49. Be4
{[%clk 0:00:07]} Ke7 {[%clk 0:00:32]} 50. Bb7 {[%clk 0:00:08]} a5
{[%clk 0:00:33]} 51. Kd4 {[%clk 0:00:07]} f6 {[%clk 0:00:34]} 52. exf6+
{[%clk 0:00:07]} Kxf6 {[%clk 0:00:35]} 53. Be4 {[%clk 0:00:08]} Bb5
{[%clk 0:00:34]} 54. c4 {[%clk 0:00:09]} Be8 {[%clk 0:00:31]} 55. c5
{[%clk 0:00:10]} bxc5+ {[%clk 0:00:32]} 56. Kxc5 {[%clk 0:00:11]} Ke5
{[%clk 0:00:28]} 57. Bc2 {[%clk 0:00:12]} Kf4 {[%clk 0:00:29]} 58. Kd6
{[%clk 0:00:11]} e5 {[%clk 0:00:31]} 59. Kd5 {[%clk 0:00:12]} a4 {[%clk 0:00:24]}
60. Kc4 {[%clk 0:00:12]} Bf7+ {[%clk 0:00:23]} 61. Kb4 {[%clk 0:00:11]} Bb3
{[%clk 0:00:24]} 62. Bb1 {[%clk 0:00:13]} Ke3 {[%clk 0:00:23]} 63. Kc3
{[%clk 0:00:12]} Bd5 {[%clk 0:00:23]} 64. Kb4 {[%clk 0:00:12]} Be4
{[%clk 0:00:23]} 65. Ba2 {[%clk 0:00:11]} Bc2 {[%clk 0:00:23]} 66. Kc3
{[%clk 0:00:12]} Bb3 {[%clk 0:00:17]} 67. Bb1 {[%clk 0:00:13]} Bd5
{[%clk 0:00:17]} 68. Kb4 {[%clk 0:00:13]} Bc6 {[%clk 0:00:19]} 69. Bc2
{[%clk 0:00:13]} Kd2 {[%clk 0:00:20]} 70. Bg6 {[%clk 0:00:13]} Kc1
{[%clk 0:00:20]} 71. Ka3 {[%clk 0:00:14]} Kd2 {[%clk 0:00:19]} 72. Kb4
{[%clk 0:00:15]} Ke3 {[%clk 0:00:21]} 73. Bh7 {[%clk 0:00:12]} Kd4
{[%clk 0:00:22]} 74. Bg6 {[%clk 0:00:12]} Be4 {[%clk 0:00:23]} 75. Be8
{[%clk 0:00:12]} Bc2 {[%clk 0:00:21]} 76. Bc6 {[%clk 0:00:13]} Bb3
{[%clk 0:00:22]} 77. Bg2 {[%clk 0:00:11]} Bd5 {[%clk 0:00:23]} 78. Bh3
{[%clk 0:00:08]} e4 {[%clk 0:00:25]} 79. Kxa4 {[%clk 0:00:07]} e3
{[%clk 0:00:23]} 80. Bg4 {[%clk 0:00:09]} Kd3 {[%clk 0:00:24]} 81. Kb4
{[%clk 0:00:08]} Kd2 {[%clk 0:00:24]} 82. Kc5 {[%clk 0:00:06]} Be6
{[%clk 0:00:25]} 83. Bf3 {[%clk 0:00:06]} Kc3 {[%clk 0:00:24]} 84. Be2
{[%clk 0:00:06]} Bf7 {[%clk 0:00:25]} 85. Bf1 {[%clk 0:00:05]} Bh5
{[%clk 0:00:25]} 86. Bb5 {[%clk 0:00:05]} Bf3 {[%clk 0:00:23]} 87. Ba6
{[%clk 0:00:06]} Bb7 {[%clk 0:00:19]} 88. Be2 {[%clk 0:00:06]} Kd2
{[%clk 0:00:13]} 89. Bg4 {[%clk 0:00:06]} Bc8 {[%clk 0:00:13]} 90. Bh5
{[%clk 0:00:07]} Kd3 {[%clk 0:00:13]} 91. Bg6+ {[%clk 0:00:06]} Ke2
{[%clk 0:00:12]} 92. Kd4 {[%clk 0:00:07]} Bg4 {[%clk 0:00:10]} 93. Bd3+
{[%clk 0:00:08]} Kf2 {[%clk 0:00:12]} 94. Bc4 {[%clk 0:00:09]} Be2
{[%clk 0:00:13]} 95. Be6 {[%clk 0:00:10]} Bb5 {[%clk 0:00:13]} 96. Bg4
{[%clk 0:00:11]} Bd7 {[%clk 0:00:09]} 97. Bh5 {[%clk 0:00:11]} Bc6
{[%clk 0:00:10]} 98. Bg6 {[%clk 0:00:04]} e2 {[%clk 0:00:11]} 0-1

[Event "Blitz 2018"]
[Site "Saint-Petersburg"]
[Date "2018.12.30"]
[Round "20"]
[Board "81"]
[White "Pershin Denis (RUS)"]
[Black "Makarov Marat (RUS)"]
[Result "1-0"]
[LiveChessVersion "1.4.8"]
[BlackElo "2505"]
[WhiteElo "2354"]

1. d4 {[%clk 0:03:00]} Nf6 {[%clk 0:03:02]} 2. Nc3 {[%clk 0:03:01]} d5
{[%clk 0:03:02]} 3. Bf4 {[%clk 0:03:02]} e6 {[%clk 0:02:48]} 4. Nb5
{[%clk 0:03:02]} Na6 {[%clk 0:02:48]} 5. e3 {[%clk 0:03:03]} Be7 {[%clk 0:02:46]}
6. Nf3 {[%clk 0:03:01]} O-O {[%clk 0:02:47]} 7. Be2 {[%clk 0:03:01]} c6
{[%clk 0:02:43]} 8. Nc3 {[%clk 0:03:01]} b5 {[%clk 0:02:40]} 9. O-O
{[%clk 0:02:55]} Nb8 {[%clk 0:02:38]} 10. a4 {[%clk 0:02:51]} b4 {[%clk 0:02:39]}
11. Na2 {[%clk 0:02:52]} a5 {[%clk 0:02:40]} 12. Nc1 {[%clk 0:02:49]} Ba6
{[%clk 0:02:40]} 13. Nd3 {[%clk 0:02:45]} Ne4 {[%clk 0:02:41]} 14. Rc1
{[%clk 0:02:35]} f6 {[%clk 0:02:41]} 15. Nd2 {[%clk 0:02:25]} Nxd2
{[%clk 0:02:31]} 16. Qxd2 {[%clk 0:02:26]} Nd7 {[%clk 0:02:32]} 17. c3
{[%clk 0:02:21]} b3 {[%clk 0:02:25]} 18. Rfe1 {[%clk 0:02:10]} Nb6
{[%clk 0:02:26]} 19. Nc5 {[%clk 0:02:09]} Bxc5 {[%clk 0:02:19]} 20. dxc5
{[%clk 0:02:09]} Nc4 {[%clk 0:02:14]} 21. Bxc4 {[%clk 0:02:08]} Bxc4
{[%clk 0:02:16]} 22. Bd6 {[%clk 0:02:08]} Rf7 {[%clk 0:02:17]} 23. e4
{[%clk 0:02:09]} e5 {[%clk 0:02:12]} 24. f4 {[%clk 0:02:04]} exf4
{[%clk 0:02:06]} 25. Qxf4 {[%clk 0:02:05]} Qd7 {[%clk 0:02:03]} 26. Re3
{[%clk 0:02:04]} Re8 {[%clk 0:01:25]} 27. Rce1 {[%clk 0:02:05]} h6
{[%clk 0:01:18]} 28. Kf2 {[%clk 0:01:43]} Rxe4 {[%clk 0:01:08]} 29. Rxe4
{[%clk 0:01:44]} dxe4 {[%clk 0:01:09]} 30. Qxe4 {[%clk 0:01:44]} Bd5
{[%clk 0:01:08]} 31. Qe8+ {[%clk 0:01:38]} Kh7 {[%clk 0:01:00]} 32. Qxd7
{[%clk 0:01:34]} Rxd7 {[%clk 0:01:01]} 33. Re8 {[%clk 0:01:34]} Ra7
{[%clk 0:01:01]} 34. g3 {[%clk 0:01:09]} g5 {[%clk 0:01:02]} 35. Re7+
{[%clk 0:00:47]} Rxe7 {[%clk 0:01:00]} 36. Bxe7 {[%clk 0:00:48]} Kg6
{[%clk 0:00:58]} 37. Bd8 {[%clk 0:00:48]} Kf5 {[%clk 0:00:55]} 38. Ke3
{[%clk 0:00:42]} Kg4 {[%clk 0:00:57]} 39. Bxa5 {[%clk 0:00:36]} Kh3
{[%clk 0:00:57]} 40. Bd8 {[%clk 0:00:16]} f5 {[%clk 0:00:57]} 41. Kd4
{[%clk 0:00:09]} Kxh2 {[%clk 0:00:57]} 42. a5 {[%clk 0:00:11]} Be6
{[%clk 0:00:57]} 43. a6 {[%clk 0:00:11]} Bc8 {[%clk 0:00:58]} 44. a7 Bb7 45. Bc7
{[%clk 0:00:09]} Kg2 {[%clk 0:01:01]} 46. Ke5 {[%clk 0:00:07]} Kxg3
{[%clk 0:01:02]} 47. Kxf5+ {[%clk 0:00:08]} Kf3 {[%clk 0:01:03]} 48. Ke6
{[%clk 0:00:06]} Ke3 {[%clk 0:01:02]} 49. Kd7 {[%clk 0:00:06]} Kd3
{[%clk 0:01:04]} 50. Be5 {[%clk 0:00:06]} Kc2 {[%clk 0:01:04]} 51. Kc7
{[%clk 0:00:07]} Kxb2 {[%clk 0:01:06]} 52. Kxb7 {[%clk 0:00:09]} Kc2
{[%clk 0:01:06]} 53. c4 {[%clk 0:00:10]} g4 {[%clk 0:01:04]} 54. a8=Q
{[%clk 0:00:10]} 1-0

[Event "Blitz 2018"]
[Site "Saint-Petersburg"]
[Date "2018.12.30"]
[Round "20"]
[Board "82"]
[White "Gurvich Vitaly (RUS)"]
[Black "Bilguun Sumiya (MGL)"]
[Result "1-0"]
[LiveChessVersion "1.4.8"]
[BlackElo "2469"]
[WhiteElo "2302"]

1. c4 {[%clk 0:03:03]} e6 {[%clk 0:03:03]} 2. Nc3 {[%clk 0:03:03]} d5
{[%clk 0:03:04]} 3. e3 {[%clk 0:03:04]} Nf6 {[%clk 0:03:05]} 4. Nf3
{[%clk 0:03:05]} a6 {[%clk 0:03:03]} 5. b3 {[%clk 0:03:05]} b6 {[%clk 0:02:51]}
6. Bb2 {[%clk 0:03:06]} Bb7 {[%clk 0:02:52]} 7. Be2 {[%clk 0:03:06]} Nbd7
{[%clk 0:02:53]} 8. O-O {[%clk 0:03:00]} Bd6 {[%clk 0:02:53]} 9. Rc1
{[%clk 0:02:49]} O-O {[%clk 0:02:52]} 10. d4 {[%clk 0:02:48]} c5 {[%clk 0:02:43]}
11. cxd5 {[%clk 0:02:48]} exd5 {[%clk 0:02:43]} 12. Na4 {[%clk 0:02:19]} Rc8
{[%clk 0:02:40]} 13. dxc5 {[%clk 0:02:10]} bxc5 {[%clk 0:02:39]} 14. Bd3
{[%clk 0:02:11]} Qe7 {[%clk 0:02:36]} 15. Qe2 {[%clk 0:02:10]} Ra8
{[%clk 0:02:04]} 16. Rfd1 {[%clk 0:02:03]} Rfe8 {[%clk 0:01:58]} 17. Re1
{[%clk 0:01:39]} Ng4 {[%clk 0:01:35]} 18. h3 {[%clk 0:01:36]} Nge5
{[%clk 0:01:30]} 19. Nxe5 {[%clk 0:01:31]} Nxe5 {[%clk 0:01:30]} 20. Nxc5
{[%clk 0:01:00]} Nxd3 {[%clk 0:01:21]} 21. Nxd3 {[%clk 0:01:00]} a5
{[%clk 0:01:08]} 22. Qg4 {[%clk 0:00:57]} f6 {[%clk 0:01:09]} 23. Bd4
{[%clk 0:00:55]} a4 {[%clk 0:01:08]} 24. Bc5 {[%clk 0:00:47]} axb3
{[%clk 0:01:07]} 25. axb3 {[%clk 0:00:48]} Ba6 {[%clk 0:01:02]} 26. Qd4
{[%clk 0:00:38]} Bxd3 {[%clk 0:00:43]} 27. Qxd5+ {[%clk 0:00:27]} Qe6
{[%clk 0:00:41]} 28. Qxd6 {[%clk 0:00:20]} Qxb3 {[%clk 0:00:39]} 29. Bd4
{[%clk 0:00:18]} Rad8 {[%clk 0:00:37]} 30. Qg3 {[%clk 0:00:18]} Bg6
{[%clk 0:00:37]} 31. Ra1 {[%clk 0:00:10]} Qb4 {[%clk 0:00:30]} 32. Rec1
{[%clk 0:00:09]} Qb8 {[%clk 0:00:26]} 33. Qxb8 {[%clk 0:00:06]} Rxb8
{[%clk 0:00:27]} 34. Ra7 {[%clk 0:00:06]} Rb1 {[%clk 0:00:28]} 35. Rxb1
{[%clk 0:00:06]} Bxb1 {[%clk 0:00:29]} 36. f3 {[%clk 0:00:04]} Bg6
{[%clk 0:00:28]} 37. Kf2 {[%clk 0:00:04]} Rc8 {[%clk 0:00:27]} 38. g4
{[%clk 0:00:04]} h6 {[%clk 0:00:27]} 39. Kg3 {[%clk 0:00:05]} Bf7
{[%clk 0:00:24]} 40. h4 {[%clk 0:00:05]} Re8 {[%clk 0:00:17]} 41. Kf2
{[%clk 0:00:04]} Rd8 {[%clk 0:00:14]} 42. Kg3 {[%clk 0:00:05]} Be6
{[%clk 0:00:15]} 43. Re7 {[%clk 0:00:05]} Bf7 {[%clk 0:00:14]} 44. Rc7
{[%clk 0:00:05]} Be6 {[%clk 0:00:15]} 45. g5 {[%clk 0:00:05]} hxg5
{[%clk 0:00:12]} 46. hxg5 {[%clk 0:00:05]} Rd7 {[%clk 0:00:13]} 47. Rxd7 Bxd7
{[%clk 0:00:14]} 48. gxf6 {[%clk 0:00:05]} gxf6 {[%clk 0:00:15]} 49. Bxf6
{[%clk 0:00:07]} Kf7 {[%clk 0:00:14]} 50. Bd4 {[%clk 0:00:08]} Ke6
{[%clk 0:00:14]} 51. e4 {[%clk 0:00:09]} Be8 {[%clk 0:00:15]} 52. Kg4
{[%clk 0:00:07]} Bg6 {[%clk 0:00:13]} 53. Kg5 {[%clk 0:00:09]} Bh7
{[%clk 0:00:13]} 54. Kh6 {[%clk 0:00:10]} Bg8 {[%clk 0:00:15]} 55. f4
{[%clk 0:00:10]} Ke7 {[%clk 0:00:14]} 56. Kg7 {[%clk 0:00:08]} Be6
{[%clk 0:00:14]} 57. f5 {[%clk 0:00:09]} Bc4 {[%clk 0:00:12]} 58. e5
{[%clk 0:00:07]} Bb3 {[%clk 0:00:08]} 59. Bc5+ {[%clk 0:00:07]} Kd7
{[%clk 0:00:09]} 60. Kf8 {[%clk 0:00:04]} Ba2 {[%clk 0:00:06]} 61. Kg7
{[%clk 0:00:04]} Bb3 {[%clk 0:00:06]} 62. Kf6 {[%clk 0:00:05]} Ke8
{[%clk 0:00:05]} 63. e6 {[%clk 0:00:05]} Bc2 {[%clk 0:00:05]} 64. Ke5
{[%clk 0:00:06]} Bd1 {[%clk 0:00:05]} 65. f6 {[%clk 0:00:06]} Bh5
{[%clk 0:00:06]} 66. Kf4 {[%clk 0:00:07]} Bg6 {[%clk 0:00:05]} 67. Kg5
{[%clk 0:00:08]} 1-0

[Event "Blitz 2018"]
[Site "Saint-Petersburg"]
[Date "2018.12.30"]
[Round "20"]
[Board "83"]
[White "Tsoi Dmitry (RUS)"]
[Black "Hirneise Tobias (GER)"]
[Result "1/2-1/2"]
[LiveChessVersion "1.4.8"]
[BlackElo "2472"]
[WhiteElo "2387"]

1. e4 {[%clk 0:02:58]} c5 {[%clk 0:03:04]} 2. Be2 {[%clk 0:02:59]} Nc6
{[%clk 0:03:04]} 3. f4 {[%clk 0:03:00]} g6 4. d3 Bg7 {[%clk 0:03:06]} 5. Nf3
{[%clk 0:03:03]} d6 {[%clk 0:03:08]} 6. O-O {[%clk 0:03:03]} e5 {[%clk 0:03:08]}
7. c3 {[%clk 0:03:00]} Nge7 {[%clk 0:03:09]} 8. a4 {[%clk 0:02:57]} O-O
{[%clk 0:03:06]} 9. Na3 {[%clk 0:02:58]} exf4 {[%clk 0:02:55]} 10. Bxf4
{[%clk 0:02:57]} h6 {[%clk 0:02:57]} 11. Nc4 {[%clk 0:02:58]} d5 {[%clk 0:02:57]}
12. exd5 {[%clk 0:02:59]} Nxd5 {[%clk 0:02:52]} 13. Bd6 {[%clk 0:02:45]} Ne3
{[%clk 0:02:52]} 14. Nxe3 {[%clk 0:02:42]} Qxd6 {[%clk 0:02:54]} 15. Nc4
{[%clk 0:02:42]} Qc7 {[%clk 0:02:51]} 16. Nfd2 {[%clk 0:02:38]} f5
{[%clk 0:02:44]} 17. Qc2 {[%clk 0:02:33]} Be6 {[%clk 0:02:43]} 18. Rae1
{[%clk 0:02:34]} Rae8 {[%clk 0:02:45]} 19. Bf3 {[%clk 0:02:35]} Kh7
{[%clk 0:02:38]} 20. Qd1 {[%clk 0:02:20]} Bg8 {[%clk 0:02:36]} 21. Rxe8
{[%clk 0:02:21]} Rxe8 {[%clk 0:02:37]} 22. Re1 {[%clk 0:02:21]} Rd8
{[%clk 0:02:30]} 23. Qc2 {[%clk 0:02:20]} b6 {[%clk 0:02:26]} 24. Nf1
{[%clk 0:02:05]} Ne5 {[%clk 0:01:57]} 25. Nxe5 {[%clk 0:02:04]} Bxe5
{[%clk 0:01:58]} 26. g3 {[%clk 0:02:01]} Rd7 {[%clk 0:01:56]} 27. Ne3
{[%clk 0:01:57]} Bxg3 {[%clk 0:01:43]} 28. hxg3 {[%clk 0:01:49]} Qxg3+
{[%clk 0:01:44]} 29. Ng2 {[%clk 0:01:43]} Qxf3 {[%clk 0:01:45]} 30. Re3
{[%clk 0:01:36]} Qg4 {[%clk 0:01:36]} 31. c4 {[%clk 0:01:19]} f4 {[%clk 0:01:09]}
32. Re4 {[%clk 0:01:20]} Rf7 {[%clk 0:01:10]} 33. Qd2 {[%clk 0:00:57]} g5
{[%clk 0:01:06]} 34. Qe1 {[%clk 0:00:50]} Qg3 {[%clk 0:00:47]} 35. Qxg3
{[%clk 0:00:37]} fxg3 {[%clk 0:00:48]} 36. Re3 {[%clk 0:00:30]} Kg7
{[%clk 0:00:40]} 37. Rxg3 {[%clk 0:00:29]} Bh7 {[%clk 0:00:41]} 38. Re3
{[%clk 0:00:26]} h5 {[%clk 0:00:41]} 39. a5 {[%clk 0:00:23]} Rd7 {[%clk 0:00:35]}
40. axb6 {[%clk 0:00:23]} axb6 {[%clk 0:00:36]} 41. Ne1 {[%clk 0:00:24]} Rd6
{[%clk 0:00:34]} 42. Re5 {[%clk 0:00:16]} Kf6 {[%clk 0:00:33]} 43. Re3
{[%clk 0:00:16]} g4 {[%clk 0:00:31]} 44. Kf2 {[%clk 0:00:17]} h4 {[%clk 0:00:30]}
45. Ng2 {[%clk 0:00:15]} Bxd3 {[%clk 0:00:19]} 46. Nxh4 {[%clk 0:00:13]} Bxc4
{[%clk 0:00:19]} 47. b3 {[%clk 0:00:07]} Be6 {[%clk 0:00:14]} 48. Kg3
{[%clk 0:00:08]} b5 {[%clk 0:00:09]} 49. Ng2 {[%clk 0:00:09]} Rd4
{[%clk 0:00:06]} 50. Nf4 {[%clk 0:00:10]} Bf5 {[%clk 0:00:06]} 51. Rc3
{[%clk 0:00:07]} c4 {[%clk 0:00:07]} 52. bxc4 {[%clk 0:00:08]} Rxc4
{[%clk 0:00:08]} 53. Rb3 {[%clk 0:00:09]} b4 {[%clk 0:00:09]} 54. Rxb4
{[%clk 0:00:09]} Rc3+ {[%clk 0:00:07]} 55. Kg2 {[%clk 0:00:09]} Kg5
{[%clk 0:00:06]} 56. Nd5 {[%clk 0:00:06]} Rc2+ {[%clk 0:00:07]} 57. Kg3
{[%clk 0:00:07]} Rd2 {[%clk 0:00:07]} 58. Ne7 {[%clk 0:00:06]} Be6
{[%clk 0:00:07]} 59. Rb5+ {[%clk 0:00:07]} Kf6 {[%clk 0:00:08]} 60. Nc6
{[%clk 0:00:08]} Rd3+ {[%clk 0:00:08]} 61. Kf2 {[%clk 0:00:09]} g3+
{[%clk 0:00:09]} 62. Ke2 {[%clk 0:00:03]} Bc4 {[%clk 0:00:07]} 63. Ne5
{[%clk 0:00:04]} Bxb5 {[%clk 0:00:06]} 64. Nxd3 {[%clk 0:00:05]} Bxd3+
{[%clk 0:00:07]} 65. Kf3 {[%clk 0:00:07]} Ke5 66. Ke4+ 1/2-1/2